000 00796 a2200325 4500
260 _aParis
630 _a65 - Gestion et organisation de lindustrie, du commerce, de la communication et des transports
037 _b2, Achat
037 _b2, CIUF
650 _a6 - SCIENCES APPLIQUEES
100 _aPeretti, Jean-Marie
260 _bEd. Vuibert
245 _aGestion des ressources humaines
300 _a245 p.
650 _aRessource humaine : gestion
260 _c2005
300 _b18 cm
100 _lFr
440 _aCollection Entreprise
037 _aL 11570
037 _aL 11571
037 _aDe 9543 ?
037 _aDe 9544 ?
037 _a06/007
037 _a06/008
250 _a12ème éd.
020 _a2-7117-7770-7
999 _c41965
_d41965